| 000 | 00714nam a2200277Ia 4500 | ||
|---|---|---|---|
| 001 | 4992 | ||
| 005 | 20240113233811.0 | ||
| 007 | ta | ||
| 008 | 170602s1954 ii a g b000 u hin u | ||
| 020 | _cPB | ||
| 040 | _aCotton College Assam | ||
| 041 | _ahin | ||
| 082 |
_a891.433 _bAs 36 D |
||
| 100 | _aAshk, Upendra Nath . | ||
| 245 | 0 |
_aDo Dhara / _cUpendra Nath Ashk & Kosalya Ashk. _hTextual Documents |
|
| 250 | _a2nd ed / | ||
| 260 |
_aAllahabad : _bNilabh Prakashan , _c1954. |
||
| 300 |
_a255p. : _bill. ; _c18cm. . |
||
| 653 | _aHindi novel | ||
| 653 | _aHindi fiction | ||
| 653 | _aGen-Hindi | ||
| 700 | _aAshk, Kosalya . | ||
| 942 |
_2ddc _cBK |
||
| 999 |
_c4979 _d4979 |
||